| 000 | 00639cam a22002293a 4500 | ||
|---|---|---|---|
| 001 | 9102 | ||
| 003 | PGUSA | ||
| 005 | 20140828083208.0 | ||
| 008 | 051001s2005||||xxu|||||s|||||000 1 eng d | ||
| 040 |
_aPGUSA _beng |
||
| 042 | _adc | ||
| 050 | 4 | _aPR | |
| 100 | 1 |
_aBraddon, M. E. _q(Mary Elizabeth), _d1835-1915 |
|
| 245 | 1 | 0 |
_aRun to Earth : _bA Novel _h[electronic resource] / _cM. E. Braddon |
| 260 |
_bProject Gutenberg, _c2005 |
||
| 506 | _aPublic domain in the USA. | ||
| 516 | _aElectronic text | ||
| 653 | _aEnglish fiction | ||
| 830 | 0 |
_aProject Gutenberg _v9102 |
|
| 856 | 4 | 0 | _uhttp://www.gutenberg.org/ebooks/9102 |
| 942 | _cEB | ||
| 999 |
_c238386 _d238386 |
||